Looking for public transport alternatives (Record no. 533787)
[ view plain ]
| 000 -LEADER | |
|---|---|
| fixed length control field | 00936nam a22001337a 4500 |
| 008 - FIXED-LENGTH DATA ELEMENTS--GENERAL INFORMATION | |
| fixed length control field | 260624b ||||| |||| 00| 0 eng d |
| 100 ## - MAIN ENTRY--PERSONAL NAME | |
| Personal name | Datar, Ashok |
| 245 ## - TITLE STATEMENT | |
| Title | Looking for public transport alternatives |
| 260 ## - PUBLICATION, DISTRIBUTION, ETC. (IMPRINT) | |
| Place of publication, distribution, etc | Economic & Political Weekly |
| 300 ## - PHYSICAL DESCRIPTION | |
| Extent | 61(23), Jun 6, 2026: p.10-13 |
| 520 ## - SUMMARY, ETC. | |
| Summary, etc | For 15 years, Indian cities have favoured metros while neglecting buses, despite buses being cheaper, faster to implement, space-efficient, and delivering far higher ridership per investment. Most metro lines operate far below the 20,000-per-hour threshold that justifies them, leading to high costs, losses and fares. Successful bus lanes in Indian and global cities show buses offer similar comfort and speed at a fraction of the cost. – Reproduced https://www.epw.in/journal/2026/23/alternative-standpoint/looking-public-transport-alternatives.html |
| 773 ## - HOST ITEM ENTRY | |
| Main entry heading | Economic & Political Weekly |
| 942 ## - ADDED ENTRY ELEMENTS (KOHA) | |
| Item type | Articles |
| Withdrawn status | Lost status | Source of classification or shelving scheme | Damaged status | Not for loan | Permanent location | Current location | Date acquired | Serial Enumeration / chronology | Barcode | Date last seen | Koha item type |
|---|---|---|---|---|---|---|---|---|---|---|---|
| Indian Institute of Public Administration | Indian Institute of Public Administration | 2026-06-24 | 61(23), Jun 6, 2026: p.10-13 | AR139249 | 2026-06-24 | Articles |
